Metodología para el análisis científico, la información internacional

Պահպանված է:
Մատենագիտական մանրամասներ
Հիմնական հեղինակ: Vellas, Pierre
Ձևաչափ: Տեքստ
Հրապարակվել է: s.l.: s.e.
Ցուցիչներ: Ավելացրեք ցուցիչ
Չկան պիտակներ, Եղեք առաջինը, ով նշում է այս գրառումը!

MARC

LEADER 00000 a a2200000 04500
001 23727
003
040
090 |a 167200  
100 |a Vellas, Pierre  
245 |a Metodología para el análisis científico, la información internacional  
260 |a s.l.:   |b s.e.  
300 |a pp. 25-33  
999 |c 9235  |d 9235